000 00859nam a2200265 i 4500
001 180859
003 ES-MaACL
005 20250821102029.0
008 120723s1991 sp ao |||| | spa d
020 _a84-7679-199-2
080 _a73.031.3(460)
080 _a904(460):7.031.3
100 1 _aNegueruela, Iván.
_9151125
245 1 3 _aLa escultura ibérica /
_cpor Iván Negueruela.
260 _aMadrid :
_bHistoria Viva,
_c[1991]
300 _aVIII, 31 p. :
_bil. col. y n. ;
_c24 cm.
490 1 _aCuadernos de arte español ;
_v57
504 _aBibliografía: p. 31.
594 _aEn cub.: Historia 16.
650 0 7 _aEscultura ibérica
_2embne
_912445
651 7 _aEspaña-
_xRestos arqueológicos ibéricos.
_98487
830 0 0 _aCuadernos de arte español
_v57
_9191338
852 _aES-MaACL
_j2314-F-33
999 _c180859
_d180859